000 00566nam a2200205Ia 4500
005 20250508152110.0
008 008 250505s9999 xx 000 0 eng d
020 _a92-3-101211-8
037 _aReference
040 _aFEDL
_beng
_cFEDL
041 _aeng
_2eng
084 _a370.9, MOE
_qFEDL
100 _aMoehlman Arthur Henry
_9760749
245 0 _aComparative education
260 _aNew York, USA
_bThe Dryden Press
300 _aviii,630p.
700 _a Roucek Joseph S
_9760750
942 _cREF
_h370.9, MOE
999 _c1334243
_d1334243